<?xml version="1.0" encoding="UTF-8"?>
<record
    xmlns:xsi="http://www.w3.org/2001/XMLSchema-instance"
    xsi:schemaLocation="http://www.loc.gov/MARC21/slim http://www.loc.gov/standards/marcxml/schema/MARC21slim.xsd"
    xmlns="http://www.loc.gov/MARC21/slim">

  <leader>01882nas a2200277Ia 4500</leader>
  <controlfield tag="001">R050-S0936</controlfield>
  <controlfield tag="003">IT-CnALBA</controlfield>
  <controlfield tag="008">170116c99999999xx ||||||||||||   ||und||</controlfield>
  <datafield tag="040" ind1=" " ind2=" ">
    <subfield code="a">IT-CnALBA</subfield>
    <subfield code="c">IT-CnALBA</subfield>
  </datafield>
  <datafield tag="041" ind1=" " ind2=" ">
    <subfield code="a">ITALIANO</subfield>
  </datafield>
  <datafield tag="100" ind1=" " ind2=" ">
    <subfield code="a">MATTIUSSI GUIDO</subfield>
  </datafield>
  <datafield tag="210" ind1=" " ind2=" ">
    <subfield code="a">LA SCUOLA CATTOLICA</subfield>
  </datafield>
  <datafield tag="222" ind1=" " ind2=" ">
    <subfield code="a">LA SCUOLA CATTOLICA</subfield>
  </datafield>
  <datafield tag="245" ind1=" " ind2="0">
    <subfield code="a">LA SCUOLA CATTOLICA. LUGLIO DICEMBRE 1910. VOL. II. </subfield>
  </datafield>
  <datafield tag="250" ind1=" " ind2=" ">
    <subfield code="a">1a ed.</subfield>
  </datafield>
  <datafield tag="260" ind1=" " ind2=" ">
    <subfield code="a"> MONZA</subfield>
    <subfield code="b">ARTIGIANELLI SCUOLA TIPOGR. </subfield>
    <subfield code="c">1910 [1&#xB0; Ed.:1910 - Ed.Ling.Originale: 1910]</subfield>
  </datafield>
  <datafield tag="300" ind1=" " ind2=" ">
    <subfield code="a">918 p. </subfield>
  </datafield>
  <datafield tag="310" ind1=" " ind2=" ">
    <subfield code="a">MENSILE</subfield>
  </datafield>
  <datafield tag="362" ind1=" " ind2=" ">
    <subfield code="a">Fascicolo: 7-12 / Anno: 38 (1910)</subfield>
  </datafield>
  <datafield tag="500" ind1=" " ind2=" ">
    <subfield code="a">INTRODUZIONE. S. CARLO E IL DOGMA. S. CARLO RIFORMATORE. E L'UFFICIO PASTORALE. I CRITERI PEDAGOGICI. MAESTRO DI ASCETICA, GORLA C. E LA QUESTIONE SOCIALE. E LE ISTITUZIONI SOCIALI, SOMMARUGA C. ORATORE SACRO, NOVELLI A. E IL RITO AMBROSIANO. L'ARTE CRISTIANA. ACCUSE CONTRO S. CARLO. IL CONCILIO DI TRENTO E LA RIFORMA PONTIFICIA. STORIA DEI SEMINARI. DOCUMENTI. I VESCOVI. L'USO DELLA BARBA DEGLI ECCLESIASTICI. L'OPERA DI S. CARLO DURANTE LA PESTE DEL 1576 1577. BASCAP&#xC8; BIOGRAFO DI S. CARLO. AGIOGRAFIA BORRO MEANA. </subfield>
  </datafield>
  <datafield tag="501" ind1=" " ind2=" ">
    <subfield code="a">Societ&#xE0; San Paolo EM - Piazza San Paolo, 14 - 12051 ALBA (CN)  (non commercial uses only) &#xAE; Copyright 2017</subfield>
  </datafield>
  <datafield tag="520" ind1=" " ind2=" ">
    <subfield code="a">INTRODUZIONE. S. CARLO E IL DOGMA. S. CARLO RIFORMATORE. E L'UFFICIO PASTORALE. I CRITERI PEDAGOGICI. MAESTRO DI ASCETICA, GORLA C. E LA QUESTIONE SOCIALE. E LE ISTITUZIONI SOCIALI, SOMMARUGA C. ORATORE SACRO, NOVELLI A. E IL RITO AMBROSIANO. L'ARTE CRISTIANA. ACCUSE CONTRO S. CARLO. IL CONCILIO DI TRENTO E LA RIFORMA PONTIFICIA. STORIA DEI SEMINARI. DOCUMENTI. I VESCOVI. L'USO DELLA BARBA DEGLI ECCLESIASTICI. L'OPERA DI S. CARLO DURANTE LA PESTE DEL 1576 1577. BASCAP&#xC8; BIOGRAFO DI S. CARLO. AGIOGRAFIA BORRO MEANA. </subfield>
  </datafield>
  <datafield tag="650" ind1=" " ind2=" ">
    <subfield code="a">SCIENZE RELIGIOSE</subfield>
  </datafield>
  <datafield tag="942" ind1=" " ind2=" ">
    <subfield code="c">CR</subfield>
  </datafield>
  <datafield tag="957" ind1=" " ind2=" ">
    <subfield code="7">1</subfield>
  </datafield>
  <datafield tag="999" ind1=" " ind2=" ">
    <subfield code="a">62502</subfield>
    <subfield code="b">SI </subfield>
    <subfield code="g">1</subfield>
    <subfield code="c">329528</subfield>
    <subfield code="d">329528</subfield>
  </datafield>
  <datafield tag="952" ind1=" " ind2=" ">
    <subfield code="0">0</subfield>
    <subfield code="1">0</subfield>
    <subfield code="4">0</subfield>
    <subfield code="6">R_050S0936</subfield>
    <subfield code="7">1</subfield>
    <subfield code="a">ALBA</subfield>
    <subfield code="b">ALBA</subfield>
    <subfield code="d">2017-01-16</subfield>
    <subfield code="l">0</subfield>
    <subfield code="o">R050-S0936</subfield>
    <subfield code="r">2017-01-16 00:00:00</subfield>
    <subfield code="w">2017-01-16</subfield>
    <subfield code="y">CR</subfield>
    <subfield code="z">(data import: 16 gennaio 2017) - By Epidotti, Vaglietti. </subfield>
  </datafield>
</record>
